000
00301nam a2200157Ia 4500
100
_a
Kani/Nagoor A
650
_a
DSP
250
_a
2
942
_c
BK
366
_f
20
245
_a
Digital signal processing
260
_b
Mc Graw Hill
_c
2012
082
_b
KAN
546
_a
ENGLISH
999
_c
24173
_d
24173